Amorphous silicon and related materials Vol. B

This book presents the most recent important ideas and developments in the field of Hydrogenated Amorphous Silicon and related materials. Each contribution is authored by an outstanding expert in that particular area.

Gespeichert in:
Bibliographische Detailangaben
1. Verfasser: Fritzsche, Hellmut
Format: Buch
Sprache:Undetermined
Veröffentlicht: Singapore World Scientific 1989
Schlagworte:
Online Zugang:http://lrc.tdmu.edu.vn/opac/search/detail.asp?aID=2&ID=34412
Tags: Tag hinzufügen
Keine Tags, Fügen Sie den ersten Tag hinzu!
Thư viện lưu trữ: Trung tâm Học liệu Trường Đại học Thủ Dầu Một
LEADER 00862nam a2200217Ia 4500
001 TDMU_34412
008 210410s9999 xx 000 0 und d
082 |a 378 
090 |b FR314 
100 |a Fritzsche, Hellmut 
245 0 |a Amorphous silicon and related materials 
245 0 |c Hellmut Fritzsche 
245 0 |n Vol. B 
260 |a Singapore 
260 |b World Scientific 
260 |c 1989 
300 |a 1121p. 
520 |a This book presents the most recent important ideas and developments in the field of Hydrogenated Amorphous Silicon and related materials. Each contribution is authored by an outstanding expert in that particular area. 
650 |a Amorphous  |x Silicon; Vô định hình  |x Silicon 
856 |u http://lrc.tdmu.edu.vn/opac/search/detail.asp?aID=2&ID=34412 
980 |a Trung tâm Học liệu Trường Đại học Thủ Dầu Một